000 00752nam a2200217Ia 4500
003 OSt
005 20211206155213.0
008 210310s1993 xxu gr 000 0 spa d
040 _aCO-JMCR
_cCO-JMCR
041 0 _aeng
082 0 4 _a338.98 /
_bE261l
_223
100 1 _aEdwards, Sebastian,
_eauthor
_97671
245 1 0 _aLatin America and the caribbean a decade after the debet crisis /
_cSebastian Edwards
260 _aEstados Unidos :
_bThe World Bank,
_c1993.
300 _a[319] pages ;
_c28 cm.
504 _aBibliography : pages 292-319.
505 0 _aThe debt crisis and early adjustment. -- An era of adjustment. -- Looking into the future.
650 1 4 _aDeudas externas
_941232
650 2 4 _aHistoria económica
_941746
942 _2ddc
_cBK
999 _c12834
_d12834